La niñez y el VIH /SIDA en América Latina y el Caribe /
Bewaard in:
| Hoofdauteur: | |
|---|---|
| Andere auteurs: | |
| Formaat: | Texto |
| Tags: |
Voeg label toe
Geen labels, Wees de eerste die dit record labelt!
|
MARC
| LEADER | 00000 a a2200000 04500 | ||
|---|---|---|---|
| 001 | 46145 | ||
| 003 | |||
| 040 | |||
| 100 | |a López, Vivian | ||
| 245 | |a La niñez y el VIH /SIDA en América Latina y el Caribe / |c Vivian López, Mónica Alonso | ||
| 700 | |a Alonso, Mónica | ||
| 773 | |g número7 (2008), páginas 2-11 : gráficos, fotos, mapa | ||
| 999 | |c 24528 |d 24528 | ||
